| 000 | 00374 a2200157 4500 | ||
|---|---|---|---|
| 001 | 170835 | ||
| 020 | _a | ||
| 040 | _cMagnum | ||
| 100 | _aSanches, Katia P. G. | ||
| 240 | 1 | 0 |
_aAprendendo a ler e escrever textos - 5 serie _lpor |
| 245 | 1 | 0 | _aAprendendo a ler e escrever textos - 5 serie |
| 362 | 0 | _a1899 | |
| 440 | 1 | _aEdiouro | |
| 697 | _aPARADIDATICO | ||
| 942 | _cBK | ||
| 999 |
_c170835 _d170835 |
||